| 000 | 00932cam a2200313 i 4500 | ||
|---|---|---|---|
| 001 | 768714001 | ||
| 003 | CO-MdFUSB | ||
| 005 | 20250612105527.0 | ||
| 007 | ta | ||
| 008 | 250529t1976 -sp||||| |||| 00| 0 spa d | ||
| 020 | _a84-7228-246-5 | ||
| 040 | _cCO-MdFUSB | ||
| 041 | 0 | _aspa | |
| 082 | 0 | 4 |
_223 _aG 248.8 _bL6491m |
| 100 | 1 |
_aLeTourneau, Richard _eautor |
|
| 245 | 1 | 0 |
_aManteniendo el equilibrio en un mundo de tensiones _c/ Richard LeTourneau ; traducido por Arnoldo Canclini |
| 264 | 1 |
_bClie, _aTerrassa, Barcelona : _c[1976] |
|
| 264 | 4 | _c©1976 | |
| 300 | _a170 páginas | ||
| 336 |
_atexto _btxt _2rdacontent |
||
| 337 |
_2rdamedia _asin mediación _bn |
||
| 338 |
_2rdacarrier _avolumen _bnc |
||
| 500 | _aTítulo original : Keeping your cool a world of tensions. | ||
| 563 | _aRústico | ||
| 650 | 1 | 4 | _aVIDA CRISTIANA |
| 700 |
_aCanclini, Arnoldo, _96055 _eautor |
||
| 942 | _cBK | ||
| 945 | _aMiguel Gómez | ||
| 999 |
_c32372 _d32372 |
||